| 000 | 00633nam a2200193 i 4500 | ||
|---|---|---|---|
| 001 | bgj | ||
| 100 | 1 |
_aTURGENEV, Ivan _d(1818-1883) |
|
| 245 | 1 | 0 |
_aFathers and sons / _cIvan Turgenev ; translated from the Russian by Bernard Isaacs ; edited and with an introduction by Neal Burroughs. |
| 260 |
_aNew York : _bWashington Square Press, Inc., _c1964. |
||
| 300 |
_a217 pp ; _c16 cm. |
||
| 650 | 9 | _aNon-English literature | |
| 650 | 9 | _aRussian literature | |
| 700 | 1 |
_aISAACS, Bernard. _etranslator |
|
| 700 | 1 | _aBURROUGHS, Neal | |
| 040 | _cBPK | ||
| 041 | 0 |
_aeng _hrus |
|
| 942 | _cKS | ||
| 008 | s uk f |000 0 eng | ||
| 999 |
_c48815 _d48815 |
||
| 856 |
_uhttp://koha.tu.koszalin.pl/cgi-bin/koha/opac-detail.pl?biblionumber=48815 _yKatalog online BPK |
||